Statistics for World Leaders

Click here to take the quiz!

General Stats

  • This quiz has been taken 49 times
  • The average score is 5 of 8

Answer Stats

Hint Answer % Correct
United States (President)Barack Obama
100%
Russia (President)Vladimir Putin
91%
United Kingdom (Prime Minister)David Cameron
87%
France (President)Francois Hollande
78%
Canada (Prime Minister)Stephen Harper
50%
China (President)Xi Jinping
43%
Mexico (President)Enrique Peña Nieto
28%
Italy (President)Giorgio Napolitano
0%

Score Distribution

Percentile by Number Answered

Percent of People with Each Score

Your Score History

You have not taken this quiz